Saltar al contenido
Inicio
Centros participantes
Catálogo
Servicios
Contacto
כניסה לחשבון
English
Deutsch
Español
Français
Italiano
日本語
Nederlands
Português
Português (Brasil)
中文(简体)
中文(繁體)
Türkçe
עברית
Gaeilge
Cymraeg
Ελληνικά
Català
Euskara
Русский
Čeština
Suomi
Svenska
polski
Dansk
slovenščina
اللغة العربية
বাংলা
Galego
Tiếng Việt
Hrvatski
हिंदी
Հայերէն
Українська
Sámegiella
שפה
כל השדות
כותר
מחבר
נושא
סימן המיקום
ISBN/ISSN
תג
מצא
מתקדם
Central de Trabajadores Costar...
יצירת מראה מקום
שלח את זה
הדפסה
יצוא רשומה
יצוא אל RefWorks
יצוא אל EndNoteWeb
יצוא אל EndNote
הוספה למועדפים
Enlace Permanente
Agregar primera valuación
Central de Trabajadores Costarricenses
שמור ב:
מידע ביבליוגרפי
מחבר ראשי:
Soto, Jorge
פורמט:
Texto
יצא לאור:
s.l:
s.e
תגים:
הוספת תג
אין תגיות, היה/י הראשונ/ה לתייג את הרשומה!
מלאי ספרים
תיאור
הערות
פריטים דומים
תצוגת צוות
MARC
LEADER
00000 a a2200000 04500
001
22285
003
040
090
|a
150900
100
|a
Soto, Jorge
245
|a
Central de Trabajadores Costarricenses
260
|a
s.l:
|b
s.e
300
|a
19 p.
999
|c
13715
|d
13715
פריטים דומים
Declaración oficial de Nicaragua frente a suspensión de Reunión de Contadora
Avaliaçao em educaçao de adultos: temas e discussoes /
El Informe Kissinger y las maniobras militares de Estados Unidos en Centroamérica /
מאת: Benítez Manaut, Raúl
El Desarrollo integrado de Centroamérica en la presente década. Bases y propuestas para el perfeccionamiento y la reestructuración del Mercado Común Centroamericano. El financiamiento del desarrollo integrado /
Capital, estado y vivienda en América Latina
מאת: Pradilla Cobos, Emilio